| 000 | 01189nam a2200277Ia 4500 | ||
|---|---|---|---|
| 003 | Ost | ||
| 005 | 20260507075446.0 | ||
| 008 | 260507s9999||||xx |||||||||||||| ||und|| | ||
| 020 | _a61314029957 | ||
| 040 | _cfsecg | ||
| 041 | _aara | ||
| 082 | _a515.3 | ||
| 100 |
_aالقادري، محمد حسين _eمؤلف |
||
| 245 | 0 |
_aالتفاضل والتكامل / _c محمد حسين القادري |
|
| 260 |
_aعمان: _bدار الصفاء للنشر, _c2005 |
||
| 300 |
_a519 صفحة؛ _bإيضاحات ؛ _c24 سم |
||
| 504 | _aبيبليوغرافيا ص.519 ملاحق ص.513 | ||
| 520 | _aيعرض هذا الكتاب في طياته المقدمة ، مفهوم المجموعات والاقترانات ، النهايات والاتصال ، الاشتقاق تطبيقات المشتقات ، التكامل ، تطبيقات التكامل ، القطوع المخروطية | ||
| 653 | _aالمعادلات التفاضلية | ||
| 653 | _aالهندسة التحليلية | ||
| 653 | _aتفاضل | ||
| 653 | _aتكامل | ||
| 653 | _aحساب التفاضل | ||
| 700 |
_aالبستنجي، جمال محمد _eمؤلف ثانوي |
||
| 942 | _cكتاب | ||
| 999 |
_c44586 _d44586 |
||